| 000 | 00613cam a22001937a 4500 | ||
|---|---|---|---|
| 999 |
_c233246 _d233246 |
||
| 001 | 16855582 | ||
| 003 | Nust | ||
| 005 | 20170306103038.0 | ||
| 008 | 110702s2007 enk 000 1 eng | ||
| 010 | _a 2011453303 | ||
| 020 | _a9780330456999 (pbk.) | ||
| 040 |
_aDLC _cDLC _dDLC |
||
| 050 | 0 | 0 | _aMLCS 2011/43044 (P) |
| 082 |
_a823.914 _bLAI |
||
| 100 | 1 | _aLaird, Elizabeth. | |
| 245 | 1 | 0 |
_aCrusade / _cElizabeth Laird. |
| 260 |
_aLondon : _bMacmillan Children's Boos, _c2007. |
||
| 300 |
_a389 p. ; _c20 cm. |
||
| 650 |
_aCrusades _vFiction |
||
| 650 |
_aBoys _xFiction |
||
| 906 |
_a7 _bcbc _corignew _d4 _encip _f20 _gy-gencatlg |
||
| 942 |
_2ddc _cBK |
||